Transylvanian Review of Administrative Sciences

Bibliographic Details
Format: eBook
Language:English
Published: Cluj-Napoca: Universitatea Babes-Bolyai, 2018 -
Subjects:
Online Access:Acceso restringido

MARC

LEADER 00000nam a22000007a 4500
005 20191016001211.0
007 cr|||| ||||
008 191016c20189999us tr|w s|||| 0|||b1eng d
020 |a 1842-2845 
035 |a 22413 
040 |a vLex 
090 |c 9850  |d 9850 
245 0 0 |a Transylvanian Review of Administrative Sciences  |h [Recurso electrn̤ico] / 
256 |a Servicio en ln̕ea 
260 |a Cluj-Napoca:  |b Universitatea Babes-Bolyai,  |c 2018 - 
300 |a 1 recurso electrn̤ico 
310 |a Cuatrimestral 
506 1 |a Disponible solo en los productos indicados  |d vLex Global  |d vLex Global (Academic Edition, excluding Law Schools)  |d vLex Global (Academic Edition, Law Schools) 
650 0 4 |a Economa̕ y negocios  |z Estados Unidos 
740 0 |a vLex Revistas (Servicio en ln̕ea) 
856 4 0 |u http://vlex.com/source/transylvanian-review-administrative-sciences-22413  |z Acceso restringido 
942 |c REV 
999 0 |a Economy and business